| 000 | 00413nam a2200169Ia 4500 | ||
|---|---|---|---|
| 008 | 230524s9999 xx 000 0 und d | ||
| 082 |
_a420 _bSHA |
||
| 100 | _aR.C.Sharma | ||
| 245 | 0 | _aBusiness Correspondance & Report Writing | |
| 250 | _a3RD | ||
| 260 |
_aNEW DELHI _bTMH _c2004 |
||
| 300 | _aXVIII;421 | ||
| 500 | _aQuantity Number: 2 | ||
| 650 | _aManagement | ||
| 700 | _a Krishna Mohan | ||
| 942 | _cBK | ||
| 999 |
_c31681 _d31681 |
||